[Event "Otocec U16 op"]
[Site "Otocec"]
[Date "2015.05.24"]
[Round "6.8"]
[White "Stevanic, David"]
[Black "Povh, Blaz"]
[Result "1-0"]
[WhiteElo "1832"]
[BlackElo "1325"]
[PlyCount "75"]
[EventDate "2015.05.10"]
[EventType "swiss"]
[EventRounds "9"]
[EventCountry "SLO"]
[SourceTitle "EXT 2023"]
[Source "ChessBase"]
[SourceDate "2022.10.05"]
[SourceVersion "1"]
[SourceVersionDate "2022.10.05"]
[SourceQuality "1"]

1. e4 e5 2. Nf3 Nc6 3. Bc4 Bc5 4. c3 Nf6 5. d3 h6 6. Bb3 d6 7. h3 Be6 8. Be3 Bb6 9. Nbd2 Qd7 10. d4 Bxb3 11. Qxb3 Nh5 12. 0-0-0 0-0-0 13. Nc4 f6 14. dxe5 fxe5 15. Bxb6 axb6 16. Nfxe5 Nxe5 17. Nxe5 Qe8 18. Nf7 Rf8 19. Nxd8 Qxd8 20. Rhf1 Qg5+ 21. Kb1 Nf6 22. Qe6+ Kb8 23. Qf5 Qxg2 24. Rg1 Qxe4+ 25. Qxe4 Nxe4 26. Rxg7 Nxf2 27. Rf1 Rf6 28. Rg2 Ne4 29. Rxf6 Nxf6 30. Rg6 Ne4 31. Rxh6 Kc8 32. h4 Kd7 33. h5 Nc5 34. Rh7+ Kd8 35. h6 Ne6 36. Rh8+ Ke7 37. h7 Ng5 38. Re8+ 1-0

[Event "SLO-chT U16"]
[Site "Debeli Rtic"]
[Date "2015.05.15"]
[Round "2"]
[White "Povh, Blaz"]
[Black "Majcen, Maja"]
[Result "1/2-1/2"]
[WhiteElo "1325"]
[BlackElo "1291"]
[PlyCount "150"]
[EventDate "2015.05.15"]
[EventType "swiss"]
[EventRounds "6"]
[EventCountry "SLO"]
[SourceTitle "EXT 2023"]
[Source "ChessBase"]
[SourceDate "2022.10.05"]
[SourceVersion "1"]
[SourceVersionDate "2022.10.05"]
[SourceQuality "1"]

1. e4 e5 2. Nf3 Nc6 3. Bc4 Bc5 4. c3 d6 5. h3 Nf6 6. d3 Na5 7. Bb3 Nxb3 8. axb3 h6 9. Be3 Bxe3 10. fxe3 Be6 11. Nbd2 c6 12. Qc2 Qb6 13. d4 Nd7 14. Nc4 Bxc4 15. bxc4 0-0 16. 0-0 Qd8 17. Qb3 Qb6 18. Qa3 Qc7 19. Nh4 Nf6 20. Rxf6 gxf6 21. Nf5 Kh7 22. Nxd6 Rg8 23. c5 Qd7 24. Kh2 b6 25. b4 Qe7 26. Nf5 Qe6 27. Qa2 Qxa2 28. Rxa2 bxc5 29. bxc5 Rge8 30. Nd6 Re7 31. Rf2 Kg6 32. Rf3 a5 33. Rg3+ Kh7 34. Rf3 a4 35. Rf2 a3 36. Ra2 exd4 37. cxd4 Kg6 38. Kg3 Rea7 39. Nc4 f5 40. e5 Kg5 41. Kf3 f4 42. h4+ Kf5 43. e4+ Ke6 44. Kxf4 Rb8 45. Nb6 Rd8 46. Ke3 Rg8 47. Kf4 f6 48. d5+ cxd5 49. exd5+ Ke7 50. exf6+ Kxf6 51. g4 Ra5 52. g5+ hxg5+ 53. hxg5+ Rxg5 54. c6 Rg7 55. d6 Rf5+ 56. Ke4 Re5+ 57. Kd4 Rg4+ 58. Kd3 Rc5 59. Nd7+ Ke6 60. Nxc5+ Kxd6 61. Ne4+ Kxc6 62. Rxa3 Rh4 63. Kd4 Kb6 64. Rb3+ Kc6 65. Rg3 Rh5 66. Rg6+ Kb5 67. Rg8 Kc6 68. Rc8+ Kb5 69. Nc3+ Kb6 70. Nd5+ Kb7 71. Rc1 Rh4+ 72. Ke5 Rh5+ 73. Kd6 Rh6+ 74. Kc5 Rc6+ 75. Kd4 Rxc1 1/2-1/2

[Event "Novo Mesto op"]
[Site "Novo Mesto"]
[Date "2014.11.02"]
[Round "5"]
[White "Povh, Blaz"]
[Black "Dobrovoljc, Andrej"]
[Result "1-0"]
[WhiteElo "1309"]
[BlackElo "1699"]
[PlyCount "89"]
[EventDate "2014.10.31"]
[EventType "swiss"]
[EventRounds "9"]
[EventCountry "SLO"]
[SourceTitle "EXT 2019"]
[Source "ChessBase"]
[SourceDate "2018.10.10"]
[SourceVersion "1"]
[SourceVersionDate "2018.10.10"]
[SourceQuality "1"]

1. c4 Nf6 2. Nc3 e6 3. d3 Be7 4. Nf3 0-0 5. g3 d5 6. cxd5 exd5 7. e3 c6 8. Bg2 Bg4 9. 0-0 Nbd7 10. Bd2 Nc5 11. Qc2 Bf5 12. Ne1 Qd7 13. b4 Ne6 14. Rb1 Rfd8 15. Ne2 h6 16. Nf3 Nc7 17. Nfd4 Bg4 18. f3 Bh3 19. Nf4 Bxg2 20. Kxg2 a6 21. a4 Rac8 22. Nb3 Bd6 23. d4 Ne6 24. Nxe6 Qxe6 25. Nc5 Qe7 26. Rfe1 Qc7 27. Qb3 h5 28. Re2 h4 29. Be1 hxg3 30. Bxg3 Bxg3 31. hxg3 Nh5 32. f4 Nf6 33. Rh1 g6 34. a5 Kg7 35. Kf3 Rh8 36. Reh2 Rxh2 37. Rxh2 Nd7 38. Qc3 Nf6 39. Qd3 Qe7 40. g4 Ne4 41. g5 Nxc5 42. dxc5 Re8 43. Qd4+ f6 44. gxf6+ Qxf6 45. Rh7+ 1-0